000 00482nam a2200181Ia 4500
005 20250326124426.0
008 250326s9999 xx 000 0 und d
037 _aTextbook
040 _aFMSL
_beng
_cFMSL
041 _aeng
_2eng
084 _aX:8 K1
_qFMSL
100 _aChapple E D
_9737376
245 0 _aMeasure of management
_cChapple E D; Sayles L R
260 _aNY
_bNY, Macmillan
_c1961
300 _a218p
942 _cTB
_hX:8 K1
999 _c1273657
_d1273657